000 00426nam a2200181Ia 4500
001 14014
005 20260306164843.0
008 260306t2007||||xx |||||||||||||| ||spa||
041 _aESP
082 _a005.8
_bP635
100 _aPfleeger, Charles P.
_eAUT
245 0 _aSecurity in computing
260 _c2007
300 _axxix, 845 páginas :
_c24 cm.
650 _aGEN
654 _aCCC
942 _cLIB
_dJUS
_fJUS
_2ddc
_n
999 _c14014
_d14014